[Event "Sochi ChessAmateur op10"]
[Site "Sochi"]
[Date "2018.10.14"]
[Round "4"]
[White "Rustamov, Asilbek"]
[Black "Batikiants, Semen"]
[Result "0-1"]
[WhiteElo "1906"]
[BlackElo "2226"]
[PlyCount "150"]
[EventDate "2018.10.12"]
[EventType "swiss"]
[EventRounds "9"]
[EventCountry "RUS"]
[SourceTitle "CBM 187 Extra"]
[Source "ChessBase"]
[SourceDate "2018.11.04"]
[SourceVersion "1"]
[SourceVersionDate "2018.11.04"]
[SourceQuality "1"]

1. d4 d6 2. Nf3 Nf6 3. c4 Nbd7 4. Nc3 e5 5. Bg5 Be7 6. e3 c6 7. h3 0-0 8. Be2 Re8 9. 0-0 Qa5 10. Bh4 Nf8 11. a3 exd4 12. Nxd4 Ng6 13. Bg3 Bf8 14. Qc2 Bd7 15. Rfd1 Rad8 16. b4 Qg5 17. Nf3 Qf5 18. Qxf5 Bxf5 19. Rd2 Rd7 20. Rad1 Red8 21. Nd4 Ne7 22. Nxf5 Nxf5 23. Bf4 g6 24. g4 Ng7 25. Bh2 h6 26. Bf4 Ne6 27. Bg3 Ng5 28. Kg2 Nge4 29. Nxe4 Nxe4 30. Rd4 Nc3 31. Re1 Bg7 32. Rd3 d5 33. cxd5 Nxe2 34. Rxe2 Rxd5 35. Rxd5 Rxd5 36. Bb8 a6 37. Ba7 Rd3 38. Ra2 Kf8 39. Kf3 Rb3 40. Ke4 Bb2 41. a4 Ke7 42. Bc5+ Ke6 43. Bf8 h5 44. gxh5 gxh5 45. Bc5 f5+ 46. Kf4 Bc3 47. Kg5 Bxb4 48. Bxb4 Rxb4 49. Kxh5 b5 50. axb5 axb5 51. Kg5 Ra4 52. Rc2 Rc4 53. Rb2 b4 54. f4 c5 55. h4 Rc1 56. h5 Rg1+ 57. Kh4 Rg4+ 58. Kh3 Rg8 59. Kh4 Rb8 60. h6 c4 61. h7 b3 62. Kg5 Rf8 63. Kg6 Kd5 64. Rb1 Ke4 65. Kg7 Rb8 66. Kf6 Rh8 67. Kg6 Kxe3 68. Kg7 Rc8 69. Kf6 Kxf4 70. Kg7 Rc7+ 71. Kg6 Rxh7 72. Kxh7 Ke3 73. Kg6 f4 74. Kf5 f3 75. Kg4 f2 0-1

[Event "Krasnodar Region-ch"]
[Site "Krasnodar"]
[Date "2012.10.05"]
[Round "4"]
[White "Markosian, Sergey"]
[Black "Batikiants, Semen"]
[Result "0-1"]
[WhiteElo "1830"]
[BlackElo "2244"]
[PlyCount "96"]
[EventDate "2012.10.02"]
[EventType "swiss"]
[EventRounds "9"]
[EventCountry "RUS"]
[SourceTitle "EXT 2013"]
[Source "ChessBase"]
[SourceDate "2012.11.22"]
[SourceVersion "1"]
[SourceVersionDate "2012.11.22"]
[SourceQuality "1"]

1. e4 c5 2. f4 Nc6 3. Nf3 d5 4. e5 Bg4 5. Be2 e6 6. 0-0 Nh6 7. c3 Be7 8. d3 Nf5 9. Ng5 Bxe2 10. Qxe2 h5 11. Na3 a6 12. Nc2 Qc7 13. Re1 Bxg5 14. fxg5 0-0-0 15. Bd2 Qb6 16. Rab1 g6 17. a3 h4 18. Qf2 Kb8 19. Qf3 Qb3 20. Na1 Qa4 21. h3 Rd7 22. Bc1 c4 23. b3 Qb5 24. a4 Qb6+ 25. d4 Qa5 26. Bf4 Rhd8 27. Re2 Ncxd4 28. cxd4 Nxd4 29. Qe3 Nxe2+ 30. Qxe2 cxb3 31. Nxb3 Qxa4 32. Bd2 Qa2 33. Rc1 Rc7 34. Rxc7 Kxc7 35. Qf2 Qb1+ 36. Nc1 Qb6 37. Qxb6+ Kxb6 38. Be1 a5 39. Nb3 a4 40. Bf2+ Kb5 41. Nc5 d4 42. Nxb7 Rd5 43. Nd6+ Kb4 44. Be1+ Kb3 45. Ne4 a3 46. Nd2+ Kc2 47. Nc4 a2 48. Na3+ Kb2 0-1

[Event "Krasnodar Region-ch"]
[Site "Krasnodar"]
[Date "2010.10.19"]
[Round "4"]
[White "Volkov, Sergey1111"]
[Black "Batikiants, Semen"]
[Result "0-1"]
[WhiteElo "2045"]
[BlackElo "2235"]
[PlyCount "108"]
[EventDate "2010.10.16"]
[EventType "swiss"]
[EventRounds "9"]
[EventCountry "RUS"]
[SourceTitle "EXT 2022"]
[Source "ChessBase"]
[SourceDate "2021.10.06"]
[SourceVersion "1"]
[SourceVersionDate "2021.10.06"]
[SourceQuality "1"]

1. e4 d5 2. exd5 Qxd5 3. Nc3 Qd6 4. Nf3 Nf6 5. d4 Bg4 6. h3 Bh5 7. g4 Bg6 8. Ne5 Nc6 9. Nb5 Qd8 10. Bf4 Nd5 11. Bg3 a6 12. Nxg6 hxg6 13. Nc3 Nxc3 14. bxc3 Qd5 15. Rg1 0-0-0 16. Bg2 Qa5 17. Qf3 Rxd4 18. Rb1 e5 19. Ke2 Qxa2 20. Rgc1 Qc4+ 21. Ke1 Rd7 22. Bf1 Qd5 23. Qe2 Qc5 24. Bg2 f5 25. Kf1 e4 26. Bf4 Na5 27. Rxb7 Nxb7 28. Qxa6 Qa5 29. Qxg6 Ba3 30. Rb1 Rhd8 31. Qe6 Bd6 32. Bg5 Qa6+ 33. Ke1 Nc5 34. Qxf5 Qa2 35. Rc1 Re8 36. Be3 Qc4 37. Bf1 Qxc3+ 38. Bd2 Qe5 39. Bb5 Qxf5 40. gxf5 Rf8 41. Bxd7+ Kxd7 42. Bc3 Rxf5 43. Bxg7 Rh5 44. Ke2 Rxh3 45. Bd4 Ke6 46. Rg1 Kd5 47. Be3 Rh4 48. Bg5 Rh2 49. Be3 Kc4 50. Rg7 Kc3 51. Rg5 Ne6 52. Rg4 Nd4+ 53. Kf1 Nxc2 54. Ba7 Kd3 0-1

[Event "Krasnodar Region-ch"]
[Site "Krasnodar"]
[Date "2010.10.18"]
[Round "3"]
[White "Batikiants, Semen"]
[Black "Gochelashvili, David"]
[Result "0-1"]
[WhiteElo "2235"]
[BlackElo "2447"]
[PlyCount "66"]
[EventDate "2010.10.16"]
[EventType "swiss"]
[EventRounds "9"]
[EventCountry "RUS"]
[SourceTitle "EXT 2022"]
[Source "ChessBase"]
[SourceDate "2021.10.06"]
[SourceVersion "1"]
[SourceVersionDate "2021.10.06"]
[SourceQuality "1"]

1. d4 Nf6 2. Nf3 g6 3. c3 Bg7 4. Bf4 d6 5. Nbd2 Nh5 6. Bg3 Nd7 7. e4 Nxg3 8. hxg3 a6 9. Bc4 e6 10. Qe2 0-0 11. Bb3 c5 12. Qe3 b5 13. Rd1 c4 14. Bc2 e5 15. dxe5 dxe5 16. Ng5 h6 17. Ngf3 h5 18. Nh2 Qb6 19. Qg5 Nf6 20. Ndf3 Bb7 21. Qh4 b4 22. g4 bxc3 23. g5 Rfd8 24. 0-0 Nd7 25. bxc3 Qb2 26. Bb1 Nc5 27. g4 hxg4 28. Rxd8+ Rxd8 29. Nxg4 Qe2 30. Nfxe5 Rd1 31. Qh3 Bxe5 32. Nxe5 Nxe4 33. Ng4 Rxf1+ 0-1

[Event "RUS-ch sf"]
[Site "Krasnodar"]
[Date "1999.??.??"]
[Round "3"]
[White "Batikiants, Semen"]
[Black "Zamruk, Aleksandar"]
[Result "1/2-1/2"]
[WhiteElo "2273"]
[BlackElo "2395"]
[PlyCount "54"]
[EventDate "1999.??.??"]
[EventType "swiss"]
[EventRounds "9"]
[EventCountry "RUS"]
[SourceTitle "EXT 2002"]
[Source "ChessBase"]
[SourceDate "2001.11.25"]
[SourceVersion "1"]
[SourceVersionDate "2001.11.25"]
[SourceQuality "1"]

1. Nf3 d5 2. g3 c5 3. Bg2 Nc6 4. d4 Nf6 5. 0-0 e6 6. b3 Be7 7. Bb2 0-0 8. Nbd2 Bd7 9. c4 Rc8 10. cxd5 exd5 11. Rc1 b6 12. dxc5 Bxc5 13. Ne5 Nxe5 14. Bxe5 Ng4 15. Nf3 Nxe5 16. Nxe5 Be6 17. Qd2 Qf6 18. Nd3 Bd6 19. Rxc8 Rxc8 20. Rc1 Rxc1+ 21. Qxc1 g5 22. h3 Bf5 23. Qc6 Bxd3 24. exd3 Kg7 25. Qxd5 Bc5 26. Qf3 Qxf3 27. Bxf3 f5 1/2-1/2

[Event "RUS-ch sf"]
[Site "Krasnodar"]
[Date "1999.??.??"]
[Round "2"]
[White "Sapunov, Evgeny"]
[Black "Batikiants, Semen"]
[Result "1/2-1/2"]
[WhiteElo "2480"]
[BlackElo "2273"]
[PlyCount "103"]
[EventDate "1999.??.??"]
[EventType "swiss"]
[EventRounds "9"]
[EventCountry "RUS"]
[SourceTitle "EXT 2002"]
[Source "ChessBase"]
[SourceDate "2001.11.25"]
[SourceVersion "1"]
[SourceVersionDate "2001.11.25"]
[SourceQuality "1"]

1. d4 d5 2. c4 Nc6 3. Nf3 Bg4 4. Nc3 Bxf3 5. exf3 e6 6. cxd5 exd5 7. Bb5 Nge7 8. 0-0 Qd6 9. Bg5 f6 10. Be3 g6 11. Qd2 a6 12. Bf4 Qd7 13. Ba4 g5 14. Bg3 h5 15. h3 0-0-0 16. b4 g4 17. b5 axb5 18. Nxb5 gxh3 19. Na7+ Kb8 20. Nxc6+ Nxc6 21. Bxc6 Qxc6 22. Rfc1 Bh6 23. Rxc6 Bxd2 24. Rxc7 h4 25. Bh2 Ka8 26. Rb1 Rc8 27. Rcxb7 hxg2 28. R7b3 Rh7 29. Kxg2 h3+ 30. Kh1 Rc1+ 31. Rxc1 Bxc1 32. Bg3 Rb7 33. Rxb7 Kxb7 34. Bh4 f5 35. Kh2 Kb6 36. Kxh3 Kb5 37. Bf6 Kc4 38. a4 Kb4 39. Kh4 Kxa4 40. Kh5 Kb4 41. Kg6 f4 42. Kf5 Kc4 43. Be5 Bd2 44. Bxf4 Bxf4 45. Kxf4 Kxd4 46. Kg5 Kc4 47. f4 d4 48. f5 d3 49. f6 d2 50. f7 d1Q 51. f8Q Qg1+ 52. Kh4 1/2-1/2

[Event "RUS-ch sf"]
[Site "Krasnodar"]
[Date "1999.??.??"]
[Round "6"]
[White "Zangiev, Pavel"]
[Black "Batikiants, Semen"]
[Result "1-0"]
[WhiteElo "2344"]
[BlackElo "2273"]
[PlyCount "63"]
[EventDate "1999.??.??"]
[EventType "swiss"]
[EventRounds "9"]
[EventCountry "RUS"]
[SourceTitle "EXT 2002"]
[Source "ChessBase"]
[SourceDate "2001.11.25"]
[SourceVersion "1"]
[SourceVersionDate "2001.11.25"]
[SourceQuality "1"]

1. d4 d5 2. c4 Nc6 3. Nc3 e5 4. cxd5 Nxd4 5. e3 Nf5 6. Nf3 Bd6 7. Bb5+ Bd7 8. Qc2 Nfe7 9. 0-0 Nf6 10. e4 0-0 11. Re1 c6 12. dxc6 Bxc6 13. Bg5 Ng6 14. Bxc6 bxc6 15. Ne2 Rc8 16. Rad1 h6 17. Bc1 Qc7 18. Ng3 Rfd8 19. Nf5 Bf8 20. Ne3 Bb4 21. Rf1 Ba5 22. Nc4 Bb6 23. h3 Bd4 24. Nxd4 exd4 25. f4 c5 26. e5 Nd5 27. Qe4 Qc6 28. f5 Nf8 29. Qg4 Nh7 30. Rd3 Kh8 31. Rg3 Rg8 32. Nd6 1-0

[Event "RUS-ch sf"]
[Site "Krasnodar"]
[Date "1998.??.??"]
[Round "?"]
[White "Batikiants, Semen"]
[Black "Pogosian, Samvel"]
[Result "1-0"]
[WhiteElo "2195"]
[BlackElo "2210"]
[PlyCount "131"]
[EventDate "1998.??.??"]
[EventType "swiss"]
[EventRounds "9"]
[EventCountry "RUS"]
[SourceTitle "EXT 2000"]
[Source "ChessBase"]
[SourceDate "1999.11.16"]
[SourceVersion "1"]
[SourceVersionDate "1999.11.16"]
[SourceQuality "1"]

1. d4 Nf6 2. Nc3 d5 3. Bg5 Nbd7 4. Nf3 e6 5. e4 dxe4 6. Nxe4 Be7 7. Ned2 0-0 8. Be2 c5 9. 0-0 b6 10. c3 Bb7 11. Qc2 Nd5 12. Bxe7 Qxe7 13. Bd3 g6 14. Rfe1 cxd4 15. Nxd4 Nc5 16. Bf1 Rac8 17. N2f3 Qc7 18. Ne5 a6 19. Rad1 Kg7 20. Qd2 Nf6 21. Qf4 Ncd7 22. Qg5 Rfe8 23. Nc4 Bd5 24. Ne3 Bb7 25. f3 Qc5 26. Qg3 b5 27. Kh1 Nd5 28. Ng4 N7f6 29. Ne5 Nb6 30. Rd2 Bd5 31. Nd3 Qc7 32. Qxc7 Rxc7 33. Nb4 Bb7 34. Nb3 Nfd5 35. a3 Rec8 36. Na5 Ra8 37. Nxb7 Rxb7 38. Nxd5 Nxd5 39. Bd3 Rd8 40. Be4 Rbd7 41. Red1 Kf6 42. Kg1 Nb6 43. Rxd7 Rxd7 44. Rxd7 Nxd7 45. Kf2 Ke5 46. Ke3 Nc5 47. f4+ Kd6 48. Bc2 Kd5 49. b4 Nd7 50. Bb3+ Kc6 51. c4 Nf6 52. Kd4 Nd7 53. a4 Kb6 54. c5+ Kc6 55. Bd1 Nf6 56. Bf3+ Kc7 57. axb5 axb5 58. g4 Ne8 59. h4 Nf6 60. g5 Ne8 61. h5 Kd7 62. h6 Nc7 63. Bb7 Ne8 64. Ke5 Kc7 65. Ba6 Kc6 66. Bc8 1-0

[Event "RUS-ch sf"]
[Site "Krasnodar"]
[Date "1998.??.??"]
[Round "?"]
[White "Beshukov, Sergei"]
[Black "Batikiants, Semen"]
[Result "1/2-1/2"]
[WhiteElo "2405"]
[BlackElo "2195"]
[PlyCount "73"]
[EventDate "1998.??.??"]
[EventType "swiss"]
[EventRounds "9"]
[EventCountry "RUS"]
[SourceTitle "EXT 2000"]
[Source "ChessBase"]
[SourceDate "1999.11.16"]
[SourceVersion "1"]
[SourceVersionDate "1999.11.16"]
[SourceQuality "1"]

1. d4 d5 2. Bg5 h6 3. Bh4 Nf6 4. Bxf6 exf6 5. e3 Bd6 6. Bd3 Nc6 7. c3 Ne7 8. Nd2 c6 9. Qc2 Be6 10. e4 Qa5 11. Ne2 Rd8 12. 0-0 Bb8 13. Ng3 0-0 14. Rfe1 dxe4 15. Ndxe4 Nd5 16. Nc5 Bc8 17. Bh7+ Kh8 18. Bf5 Bxg3 19. hxg3 Bxf5 20. Qxf5 Qc7 21. Re2 b6 22. Nd3 Rde8 23. Rae1 Qd8 24. Qg4 g6 25. c4 Nc7 26. Rxe8 Rxe8 27. Rxe8+ Nxe8 28. Qe4 Kg7 29. Nf4 Qd7 30. d5 c5 31. b3 Nd6 32. Qe2 Nf5 33. Nd3 Nd4 34. Qe4 Nf5 35. Kh2 Nd6 36. Qf4 Qe7 37. f3 1/2-1/2

[Event "RUS-ch sf"]
[Site "Krasnodar"]
[Date "1998.??.??"]
[Round "?"]
[White "Pravdiuk, Vladimir P"]
[Black "Batikiants, Semen"]
[Result "0-1"]
[WhiteElo "2385"]
[BlackElo "2195"]
[PlyCount "88"]
[EventDate "1998.??.??"]
[EventType "swiss"]
[EventRounds "9"]
[EventCountry "RUS"]
[SourceTitle "EXT 2000"]
[Source "ChessBase"]
[SourceDate "1999.11.16"]
[SourceVersion "1"]
[SourceVersionDate "1999.11.16"]
[SourceQuality "1"]

1. e4 d5 2. exd5 Nf6 3. Nc3 Nxd5 4. Bc4 e6 5. Qf3 c6 6. Nge2 Be7 7. Qg3 0-0 8. d3 Bh4 9. Qg4 Nd7 10. g3 Ne5 11. Qe4 Bf6 12. Bd2 a5 13. Bb3 b5 14. a4 b4 15. Nd1 c5 16. f4 Nc6 17. Ne3 Bb7 18. 0-0-0 Nb6 19. Ng4 Ra7 20. Nxf6+ Qxf6 21. Qe3 Nd4 22. Rhf1 Bc6 23. Nxd4 cxd4 24. Qe5 Qxe5 25. fxe5 Bxa4 26. Rf4 Bxb3 27. cxb3 Rd7 28. Re1 Rfd8 29. Rg4 Kf8 30. Rh4 Kg8 31. Rg4 Kh8 32. Ree4 h6 33. Rh4 Rd5 34. Kb1 Nd7 35. Bg5 f6 36. Bxh6 gxh6 37. Rxh6+ Kg7 38. Reh4 Nxe5 39. Rh7+ Kf8 40. R4h6 R8d7 41. Rxf6+ Rf7 42. Rhxf7+ Nxf7 43. Rxe6 Ne5 44. Kc2 Kf7 0-1

[Event "RUS-Cup"]
[Site "Krasnodar"]
[Date "1998.??.??"]
[Round "4"]
[White "Rakov, Valery"]
[Black "Batikiants, Semen"]
[Result "0-1"]
[WhiteElo "2240"]
[BlackElo "2195"]
[PlyCount "58"]
[EventDate "1998.??.??"]
[EventType "swiss"]
[EventRounds "9"]
[EventCountry "RUS"]
[SourceTitle "EXT 2000"]
[Source "ChessBase"]
[SourceDate "1999.11.16"]
[SourceVersion "1"]
[SourceVersionDate "1999.11.16"]
[SourceQuality "1"]

1. f4 d6 2. b4 Nf6 3. Nf3 g6 4. Bb2 Bg7 5. c4 Nbd7 6. e3 a5 7. b5 e5 8. fxe5 Ng4 9. Be2 Ndxe5 10. Nxe5 Nxe5 11. Qc2 Bf5 12. Qb3 a4 13. Qb4 Qh4+ 14. g3 Qh3 15. Nc3 Qg2 16. 0-0-0 Qxe2 17. Nxe2 Nd3+ 18. Kb1 Nxb4+ 19. e4 Bxe4+ 20. d3 Bxb2 21. dxe4 a3 22. b6 Ke7 23. bxc7 Rac8 24. c5 dxc5 25. h4 Rxc7 26. h5 c4 27. hxg6 hxg6 28. Nf4 c3 29. Nxg6+ Kf6 0-1

[Event "RUS-ch sf"]
[Site "Krasnodar"]
[Date "1998.??.??"]
[Round "?"]
[White "Stepovaia, Tatiana"]
[Black "Batikiants, Semen"]
[Result "1-0"]
[WhiteElo "2355"]
[BlackElo "2195"]
[PlyCount "91"]
[EventDate "1998.??.??"]
[EventType "swiss"]
[EventRounds "9"]
[EventCountry "RUS"]
[SourceTitle "EXT 2000"]
[Source "ChessBase"]
[SourceDate "1999.11.16"]
[SourceVersion "1"]
[SourceVersionDate "1999.11.16"]
[SourceQuality "1"]

1. e4 d5 2. exd5 Nf6 3. Nf3 Nxd5 4. d4 g6 5. c4 Nb6 6. Nc3 Bg7 7. c5 Nd5 8. Bc4 c6 9. 0-0 0-0 10. Re1 Nxc3 11. bxc3 b5 12. cxb6 axb6 13. Bg5 Ra7 14. Ne5 b5 15. Bb3 Qd6 16. Qf3 Be6 17. Nd3 Bxb3 18. axb3 Rxa1 19. Rxa1 Nd7 20. Bf4 e5 21. dxe5 Nxe5 22. Nxe5 Bxe5 23. Bxe5 Qxe5 24. Qxc6 b4 25. Rc1 Qf4 26. cxb4 Qxb4 27. Qc4 Qe7 28. g3 Rb8 29. Rc3 Qe1+ 30. Kg2 Qe7 31. Qd5 h5 32. Re3 Qb4 33. Rf3 Qe7 34. Rf4 Rb7 35. h4 Rb8 36. Re4 Qf6 37. b4 Rd8 38. Qg5 Qd6 39. Qc5 Qd3 40. Re3 Qd7 41. Re7 Qd3 42. b5 Rd5 43. Re8+ Kg7 44. Qf8+ Kf6 45. Qh8+ Kf5 46. Re7 1-0

[Event "RUS-Cup"]
[Site "Krasnodar"]
[Date "1998.??.??"]
[Round "6"]
[White "Zakhartsov, Viacheslav V"]
[Black "Batikiants, Semen"]
[Result "1-0"]
[WhiteElo "2450"]
[BlackElo "2195"]
[PlyCount "57"]
[EventDate "1998.??.??"]
[EventType "swiss"]
[EventRounds "9"]
[EventCountry "RUS"]
[SourceTitle "EXT 2000"]
[Source "ChessBase"]
[SourceDate "1999.11.16"]
[SourceVersion "1"]
[SourceVersionDate "1999.11.16"]
[SourceQuality "1"]

1. c4 c5 2. Nf3 Nc6 3. d4 cxd4 4. Nxd4 g6 5. e4 Bg7 6. Be3 Nf6 7. Nc3 Ng4 8. Qxg4 Nxd4 9. Qd1 Ne6 10. Rc1 d6 11. b4 Bd7 12. Qd2 h6 13. f4 g5 14. f5 Nf8 15. Be2 Nh7 16. h4 e6 17. Qxd6 exf5 18. e5 Rc8 19. 0-0 Rc6 20. Qd3 0-0 21. Bf3 gxh4 22. Bxc6 bxc6 23. Ne4 h3 24. Rcd1 hxg2 25. Kxg2 Qe7 26. Bc5 Qh4 27. Bxf8 Qg4+ 28. Ng3 Nxf8 29. Qd4 1-0